000 01084nam a2200385 a 4500
003 AR-BaBNM
005 20251128203814.0
008 082120s2002 ||||||||||||||000 | spa||
040 _cAR-BaBNM
245 0 0 _aEnciclopedia práctica pre-escolar
_bel jardín maternal
_n1
250 _a1ª ed.
260 _aBuenos Aires
_bLatina
_c1979
300 _a319 p.
_bil.
500 _aGlosario p. 309-310
504 _aBibliografía p. 311-313
650 4 _aMADURACION
650 4 _aDESARROLLO SOCIAL
650 4 _aDESARROLLO AFECTIVO
650 4 _aINTELIGENCIA
650 4 _aPERCEPCION
650 4 _aDESARROLLO FISICO
650 4 _aPSICOMOTRICIDAD
650 4 _aJUEGOS EDUCATIVOS
651 4 _aArgentina
653 _aEDUCACION INICIAL
653 _aJARDINES MATERNALES
653 _aINSTITUCIONES EDUCATIVAS
700 1 _aCapizzano de Capalbo, Beatriz
700 1 _aGiudice de Bovone, Elida A.
700 1 _aGonzález Canda, Matilde L. de
700 1 _aGonzález Cuberes, María Teresa
700 1 _aTrolla, María Teresa
942 _cBK
998 _cCarmen
999 _c4995
_d4995